• 首页
  • 本馆介绍
  • 公告通知
  • 最新文献
  • 馆藏检索
  • 电子资源
  • 读者导购
  • 参考咨询
  • 我的图书馆
  • 登录
  • 详细信息显示
  • 放入我的书架
  • 预约/预借图书
  • 作者相关作品
  • 分类相关作品
  • 丛书相关作品
  • 出版社相关作品

书目信息

  • 表格格式
  • 工作单格式
  • 卡片格式
题名:
艺术品典当与拍卖
    
 
作者: 林日葵 著
分册:  
出版信息: 杭州   浙江工商大学出版社  2009.8
页数: 256页
开本: 21cm
丛书名:
单 册:
中图分类: F830.39 , F768.7
科图分类:
主题词: 艺术品--典当 , 艺术品--拍卖 , 艺术品 , 典当 , 拍卖
电子资源:
ISBN: 978-7-81140-079-3
000 00944nam0 2200289 450
001 523
005 20140909102230.60
010    @a978-7-81140-079-3@dCNY20.00
100    @a20101014d2009 em y0chiy50 ea
101 0  @achi
102    @aCN@b330000
105    @aa z 000yy
106    @ar
200 1  @a艺术品典当与拍卖@AYi Shu Pin Dian Dang Yu Pai Mai@f林日葵著@FLin Ri Kui Zhu
210    @a杭州@c浙江工商大学出版社@d2009.8
215    @a256页@c图@d21cm
330    @a本书把艺术品、艺术品典当、艺术品拍卖三者融合起来,作为一个系统和整体来研究,试图寻找它们之间的内在联系和规律,这是艺术品市场发展的需要,是典当创新的需要,也是拓展拍卖领域和空间的需要。
606 0  @a艺术品@x典当
606 0  @a艺术品@x拍卖
606 0  @a艺术品
606 0  @a典当
606 0  @a拍卖
690    @aF830.39@v5
690    @aF768.7@v5
701  0 @a林日葵@ALin Ri Kui@f(1953~)@4著
801  0 @aCN@bTANGWEI@c20140603
905    @b0841064-66@dF830.39@e243@f3
    
    艺术品典当与拍卖/林日葵著.-杭州:浙江工商大学出版社,2009.8
    256页:图;21cm
    
    
    ISBN 978-7-81140-079-3:CNY20.00
    本书把艺术品、艺术品典当、艺术品拍卖三者融合起来,作为一个系统和整体来研究,试图寻找它们之间的内在联系和规律,这是艺术品市场发展的需要,是典当创新的需要,也是拓展拍卖领域和空间的需要。
●
相关链接 在E读中查询图书 在五车中查询图书 在当当中查询图书 在豆瓣中查询图书


正题名:艺术品典当与拍卖     索取号:F830.39/243         预约/预借

序号 登录号 条形码 馆藏地/架位号 状态 备注
1 0841064   208410646   第一样本阅览室/ [索取号:F830.39/243] 在馆    
2 0841065   208410655   密集书库-海洋学院/ [索取号:F830.39/243] 在馆    
3 0841066   208410664   第一借阅区/ [索取号:F830.39/243] 在馆    
唐山师范学院图书馆 欢迎您!
大连网信软件有限公司© 版权所有